Normal view
MARC view
Entry Término temático
001 - NÚMERO DE CONTROL
- campo de control: 67372
003 - IDENTIFICADOR DEL NÚMERO DE CONTROL
- campo de control: OSt
005 - FECHA Y HORA DE LA ÚLTIMA TRANSACCIÓN
- campo de control: 20200615035721.0
008 - DATOS DE LONGITUD FIJA
- campo de control de longitud fija: 200615|| aca||aabn | a|a d
040 ## - FUENTE DE LA CATALOGACIÓN
- Centro catalogador/agencia de origen: OSt
- Centro/agencia transcriptor: OSt
150 ## - ENCABEZAMIENTO--TÉRMINO DE MATERIA
- Término de materia o nombre geográfico como elemento de entrada: FERIA DEL LIBRO
- Subdivisión geográfica: LA ROMANA (REPÚBLICA DOMINICANA)
- Subdivisión cronológica: 2010
- Subdivisión general: PROGRAMAS
670 ## - FUENTE DE DATOS ENCONTRADOS
- Cita de la fuente: Work cat.: (OSt)40433: Feria Regional del Libro la Romana (3a. : 2006 : 26 de septiembre al 1 de octubre 67370, III Feria Regional del Libro la Romana 2006 :, 2006.
